| 000 | 00924nac a22002891i 4500 | ||
|---|---|---|---|
| 003 | EG-ScBUE | ||
| 005 | 20240314093456.0 | ||
| 008 | 240314s1991 e af f b 001 0 eng d | ||
| 020 | _a9780140136340 | ||
| 020 | _a0140136347 | ||
| 040 |
_aEG-ScBUE _beng _erda _cEG-ScBUE _dEG-ScBUE |
||
| 043 | _af-ua--- | ||
| 082 | 0 | 4 |
_a932 _bEDW _222 |
| 100 | 1 |
_aEdwards, I. E. S., _eauthor. |
|
| 245 | 1 | 4 |
_aThe Pyramids of Egypt / _cI.E.S. Edwards. |
| 250 | _aRevised edition. | ||
| 264 | 1 |
_aLondon ; _aNew York : _bPenguin Books, _c1991. |
|
| 300 |
_axix, 310 pages, [48] pages of plates : _billustrations ; _c20 cm |
||
| 336 |
_2rdacontent _atext _btxt |
||
| 337 |
_aunmediated _2rdamedia _bn |
||
| 338 |
_avolume _bnc _2rdacarrier |
||
| 504 | _aIncludes bibliographical references and index. | ||
| 650 | 7 |
_aPyramids _zEgypt. _2BUEsh |
|
| 651 | 7 |
_aEgypt _xAntiquities. _2BUEsh |
|
| 655 | _vReading book | ||
| 942 |
_cBB _2ddc |
||
| 999 |
_c5871 _d5871 |
||